El árabe israelita / (Record no. 46459)

MARC details
000 -LEADER
campo de control de longitud fija 00588nam a2200181 i 4500
001 - NÚMERO DE CONTROL
campo de control 46459
003 - IDENTIFICADOR DE NÚMERO DE CONTROL
campo de control ES-MaACL
005 - FECHA Y HORA DE LA ÚLTIMA TRANSACCIÓN
campo de control 20230906161403.0
007 - CAMPO FIJO DE DESCRIPCIÓN FÍSICA--INFORMACIÓN GENERAL
campo de control de longitud fija t|
008 - DATOS DE LONGITUD FIJA--INFORMACIÓN GENERAL
campo de control de longitud fija 030331s1968 sp ||||1| spa d
245 03 - MENCIÓN DEL TÍTULO
Título El árabe israelita /
Mención de responsabilidad, etc. [selección de la revista "Les Temps Modernes" ; traducción de Jordi Marfá, M. Consol Freixa y Maite Loris].
260 ## - PUBLICACIÓN, DISTRIBUCIÓN, ETC.
Lugar de publicación, distribución, etc. Barcelona :
Nombre del editor, distribuidor, etc. Edima,
Fecha de publicación, distribución, etc. 1968.
300 ## - DESCRIPCIÓN FÍSICA
Extensión 560 p., 8 lám. ;
Dimensiones 21 cm.
700 1# - ENTRADA AGREGADA--NOMBRE PERSONAL
Nombre de persona Marfà, Jordi.
9 (RLIN) 76598
700 1# - ENTRADA AGREGADA--NOMBRE PERSONAL
Nombre de persona Freixa, Consol.
9 (RLIN) 52471
700 1# - ENTRADA AGREGADA--NOMBRE PERSONAL
Nombre de persona Loris, Maite.
9 (RLIN) 74225
852 ## - LOCALIZACIÓN
Ubicación ES-MaACL
Número de control de estantería C-34193
Sublocalización o colección R.64770
Holdings
Estatus retirado Estado de pérdida Estado de daño No para préstamo Biblioteca de origen Biblioteca actual Ubicación en estantería Fecha de adquisición Fuente de adquisición Total de préstamos Signatura topográfica completa Código de barras Visto por última vez Precio de reemplazo Tipo de ítem Koha
        Biblioteca del Ateneo de Madrid Biblioteca del Ateneo de Madrid Depósito 2 17/01/2008     C-34193 1048862 23/02/2023 23/02/2023 Libro impreso